Nghiên cứu gia đình lý thuyết nữ quyền, quan điểm giới /

সংরক্ষণ করুন:
গ্রন্থ-পঞ্জীর বিবরন
অন্যান্য লেখক: Lê Ngọc Văn (chủ biên.)
বিন্যাস: Sách giấy
ভাষা:Vietnamese
প্রকাশিত: H. : Khoa học Xã hội, 2007.
বিষয়গুলি:
ট্যাগগুলো: ট্যাগ যুক্ত করুন
কোনো ট্যাগ নেই, প্রথমজন হিসাবে ট্যাগ করুন!
Thư viện lưu trữ: Thư viện Trường Đại học Đà Lạt
LEADER 00795nam a2200301 4500
001 DLU110124729
005 ##20110912
040 # # |a DLU  |b vie 
041 # # |a vie 
044 # # |a vn 
082 # # |a 305.42  |b Ngh 
245 # # |a Nghiên cứu gia đình lý thuyết nữ quyền, quan điểm giới /  |c Lê Ngọc Văn chủ biên. 
260 # # |a H. :  |b Khoa học Xã hội,  |c 2007. 
300 # # |a 245 tr. ;  |c 24 cm. 
504 # # |a Tài l iệu tham khảo: tr.244-245. 
650 # # |a Lý thuyết nữ quyền. 
700 # # |a Lê Ngọc Văn,  |e chủ biên. 
923 # # |a 01/2011CP 
991 # # |a GT 
992 # # |a 27000 
994 # # |a KCP 
900 # # |a True 
911 # # |a Đào Thị Thu Huyền 
925 # # |a G 
926 # # |a A 
927 # # |a SH 
980 # # |a Thư viện Trường Đại học Đà Lạt